| 000 | 00724nam a2200193 a 4500 | ||
|---|---|---|---|
| 008 | 101108s2009 ||||||||||||||||| || u | ||
| 020 | _a9780521709781 | ||
| 050 | _aT 57.95 Fre | ||
| 100 | _aMaule, John | ||
| 245 | 1 | 0 |
_aDecision behaviour, analysis and support _cby Simon French, John Maule and Nadia Papamichail |
| 260 |
_aCambridge: _bCambridge University Press _c2009 |
||
| 300 | _axxvi, 472p.: ill. | ||
| 350 | _a0.00 | ||
| 650 | 7 |
_aTECHNOLOGY _2fast |
|
| 650 | 0 | _aDECISION MAKING | |
| 700 | _aPapamichail, Nadia | ||
| 700 | _aFrench, Simon | ||
| 995 |
_D0.00 _FCBU-MAIN LIBRARY (Kitwe) _H1 _I0.00 _M1 _UAVAILABLE _WDec 20, 2010 _ZMain Library Open Access Collection |
||
| 999 |
_c39512 _d39512 |
||